The 5 GS of family business / (Record no. 159404)

MARC details
000 -LEADER
fixed length control field 00708nam a22002057a 4500
005 - DATE AND TIME OF LATEST TRANSACTION
control field 20181217112728.0
010 ## - LCCN (DPL NO)
LC control number ENG-124546
020 ## - INTERNATIONAL STANDARD BOOK NUMBER
Terms of availability 395.00
International Standard Book Number 9789352808656
035 ## - SYSTEM CONTROL NUMBER
System control number EN-108078
037 ## - SOURCE OF ACQUISITION
Source of stock number/acquisition DBAD/PUB.
082 ## - DEWEY DECIMAL CLASSIFICATION NUMBER
Classification number 658.406
100 ## - MAIN ENTRY--PERSONAL NAME
Personal name Vieira, Walter
245 ## - TITLE STATEMENT
Title The 5 GS of family business /
Statement of responsibility, etc by Walter Vieira [and] Mita Dixit
260 ## - PUBLICATION, DISTRIBUTION, ETC. (IMPRINT)
Place of publication, distribution, etc New Delhi
Name of publisher, distributor, etc Sage Publications India Pvt. Ltd.
Date of publication, distribution, etc 2019
270 ## - ADDRESS
Address B1/I-1, Mohan Cooperative Industrial Area Mathura Road Post Bag 7
City New Delhi
Postal code 110044
300 ## - PHYSICAL DESCRIPTION
Extent xiii,205p.
Dimensions 21cm.(pbk)
Other physical details ill.picture
500 ## - GENERAL NOTE
General note It includes references and about the author
700 ## - ADDED ENTRY--PERSONAL NAME
Personal name Dixit, Mita
942 ## - ADDED ENTRY ELEMENTS (KOHA)
Source of classification or shelving scheme Dewey Decimal Classification
Item type English Books
Call number suffix VIE
Classification part 658.406
Holdings
Withdrawn status Lost status Not for loan Collection code Home library Current library Date acquired Source of acquisition Cost, normal purchase price Full call number Barcode Copy number Cost, replacement price Koha item type
    Not For Loan Non-fiction D.B.Act.Division Bawana 17/12/2018 DBAD/PUB 395.00 658.406 VIE EN-108078 1 395.00 English Books

© Delhi Public Library
Hit Counter
free hit counter